Word Ladder: Red Phrases Quiz Stats

 Plays Quiz Updated Jan 25, 2018

Challenge
Share
Tweet
Embed
Score 0/40 Timer 05:00
3 Plays Today
Clue 4-Letter Word % Correct
Energy drink
Red _____
BULL
99.6%
Lacking in hairBALD
98.5%
Text written like thisBOLD
98.1%
Low in temperatureCOLD
97.9%
Object for billiards or bowlingBALL
97.8%
The Beatles or Pink FloydBAND
96.1%
Male monarchKING
94.6%
Hair on a lion or horse's neckMANE
94.4%
Symbol for ejection in soccer
Red _____
CARD
94.2%
Along _____ a spider...CAME
92.7%
To tie or confineBIND
92.6%
Friendly, affectionate, caringKIND
92.6%
Settlement smaller than a cityTOWN
92.3%
Accessory for Superman or BatmanCAPE
91.9%
Shakespeare's nickname ('of Avon')BARD
91.8%
Long, thin, flexible piece of wireCORD
91.6%
Moderately wetDAMP
91.5%
Female horseMARE
91.4%
Of great heightTALL
91.1%
Temporary accommodation, often with tentsCAMP
90.6%
Clue 4-Letter Word % Correct
A story or narrativeTALE
90.1%
Detroit hockey player
Red _____
WING
89.1%
Excessive bureaucratic regulation
Red _____
TAPE
88.9%
Neil Diamond or UB40 song
Red, Red _____
WINE
88.8%
Rules of a nation or stateLAWS
87.6%
Mild expletiveDAMN
86.9%
Hit cover for Natalie ImbrugliaTORN
86.6%
Soft, fluffy feathers on a young birdDOWN
86.6%
Grass used around a house or buildingLAWN
85.9%
Mechanical device to show direction of the windVANE
85.2%
1984 USSR invasion film
Red _____
DAWN
85%
Ripped to piecesTORE
84.1%
Piece of licorice
Red _____
VINE
83.7%
Empty weight of a containerTARE
83.3%
Group of young men, esp. in the UKLADS
83.2%
Running surface for a trainRAIL
82.4%
A Tuskegee airman
Red _____
TAIL
80.4%
Chris de Burgh hit song
The _____ in Red
LADY
78.9%
Past participle of 'lie'LAIN
77.2%
Peter Gabriel song
Red _____
RAIN
73.5%

Today's Daily Dose

You're not logged in!

Compare scores with friends on all Sporcle quizzes.
OR
Log In

You Might Also Like...

Show Comments

Extras

Top Quizzes Today


Score Distribution

Your Account Isn't Verified!

In order to create a playlist on Sporcle, you need to verify the email address you used during registration. Go to your Sporcle Settings to finish the process.

Report this User

Report this user for behavior that violates our Community Guidelines.

Details: